000 00364nam a2200133Ia 4500
008 240624s9999 xx 000 0 und d
041 _aeng
082 _a355.0954 DHI
100 _aDHILLON KIRPAL
245 _aIDENTITY AND SURVIVAL SIKH MILITANCY IN
260 _c2007
_aNew Delhi
_bPenguin Books India
300 _axxxvii, : 432 : p. : cm. ; 20
365 _cRS
_b20
999 _c5575
_d5575